Normale Ansicht MARC-Ansicht ISBD

Karabachskij konflikt : (Titelsatznr. 51930)

[ MARC ]
MARC-Details
000 -Satzkennung
Kontrollfeld mit fester Länge 00597nam a22001931c 4500
001 - Kontrollnummer
Kontrollfeld a01292
008 - Feld mit fester Länge zur physischen Beschreibung - Allgemeine Angaben
Kontrollfeld mit fester Länge 051003s1997 gw |||| 000u rus d
041 ## - Sprachcode
Sprachcode des Textes/der Tonspur oder des separaten Titels rus
040 ## - Katalogisierungsquelle
Übertragungsstelle RU-10907106
003 - Kontrollnummer Identifier
Kontrollfeld RU-10907106
100 1# - Haupteintragung - Personenname
Personenname Oganesjan, Nikolaj O.
Koha-Normdatenidentnummer 13479
245 00 - Titel
Titel Karabachskij konflikt :
Zusatz zum Titel Etapy, podchody, varianty rešenija
264 ## - Produktion, Veröffentlichung, Distribution, Herstellung und Urheberrechtsvermerk
Herstellungs-, Veröffentlichungs- Vertriebs-, Erzeugungsort Erevan,
Datum der Herstellung, der Veröffentlichung, des Vertriebs oder des Urheberschutzvermerks 1997
300 ## - Physische Beschreibung
Umfang 80 S. Klammerheftung.
506 ## - Fußnote zu Zugangsbeschränkungen
Zugangsbedingungen Sonderstandort, wenden Sie sich bitte an das Bibliothekspersonal
651 #0 - Nebeneintragung unter einem Schlagwort - Geografischer Name
Geografischer Name Bergkarabach
Koha-Normdatenidentnummer 13480
710 2# - Nebeneintragung - Körperschaftsname
Körperschafts- oder Gebietskörperschaftsname als Eintragungselement Nacional'naja Akademija nauk respubliki Armenija
Koha-Normdatenidentnummer 13481
942 ## - Zusätzliche Felder (Koha)
Koha-Medientyp Monographien
Exemplare
Ausgeschieden Verloren Beschädigt Nicht entleihbar Heimatbibliothek Aufenthaltsbibliothek Aufstellungsort Erwerbungsdatum Inventarnummer Signatur Barcode Letzte Aktivität Preis gültig von Koha-Medientyp
        MWN Osteuropa MWN Osteuropa Sonderstandort 03/10/2005 05-02575 S- R 65 n Aserbj | R 65 n Aserbj 51944 23/02/2021 22/03/2021 Monographien